The effectiveness of institutions in land registration in Ghana (Record no. 100545)

MARC details
000 -LEADER
fixed length control field 00937cam a2200277 4500
008 - FIXED-LENGTH DATA ELEMENTS--GENERAL INFORMATION
fixed length control field 000000n2001 000 0 eng u
020 ## - INTERNATIONAL STANDARD BOOK NUMBER
International Standard Book Number 1842190059
035 ## - SYSTEM CONTROL NUMBER
System control number (Sirsi) u106242
050 ## - LIBRARY OF CONGRESS CALL NUMBER
Classification number 333.3209667
100 ## - MAIN ENTRY--PERSONAL NAME
Personal name Somevi, J.
245 #4 - TITLE STATEMENT
Title The effectiveness of institutions in land registration in Ghana
Medium [electronic resource]
260 ## - PUBLICATION, DISTRIBUTION, ETC.
Place of publication, distribution, etc. London
Name of publisher, distributor, etc. RICS Foundation
Date of publication, distribution, etc. 2001
300 ## - PHYSICAL DESCRIPTION
Extent 20p.
Dimensions 30cm.
490 ## - SERIES STATEMENT
Series statement RICS Foundation Our Common Estate Series
650 ## - SUBJECT ADDED ENTRY--TOPICAL TERM
Topical term or geographic name entry element GHANA
650 ## - SUBJECT ADDED ENTRY--TOPICAL TERM
Topical term or geographic name entry element LAND REGISTRATION
650 ## - SUBJECT ADDED ENTRY--TOPICAL TERM
Topical term or geographic name entry element LAND TITLE REGISTRY
650 ## - SUBJECT ADDED ENTRY--TOPICAL TERM
Topical term or geographic name entry element LAND TITLE SYSTEM
650 ## - SUBJECT ADDED ENTRY--TOPICAL TERM
Topical term or geographic name entry element LANDS COMMISSION
650 ## - SUBJECT ADDED ENTRY--TOPICAL TERM
Topical term or geographic name entry element PROPERTY RIGHTS
650 ## - SUBJECT ADDED ENTRY--TOPICAL TERM
Topical term or geographic name entry element SURVEY DEPARTMENT
690 ## - LOCAL SUBJECT ADDED ENTRY--TOPICAL TERM (OCLC, RLIN)
Topical term or geographic name as entry element PROPERTY
710 ## - ADDED ENTRY--CORPORATE NAME
Corporate name or jurisdiction name as entry element Royal Institution of Chartered Surveyors
Subordinate unit Research Foundation
9 (RLIN) 3861
856 40 - ELECTRONIC LOCATION AND ACCESS
Uniform Resource Identifier <a href="https://www.rics.org/Global/Downloads/EffectivenessInstitutionsGhana200110.pdf">https://www.rics.org/Global/Downloads/EffectivenessInstitutionsGhana200110.pdf</a>
Public note View this item at www.rics.org
942 ## - ADDED ENTRY ELEMENTS (KOHA)
Suppress in OPAC 0
Holdings
Withdrawn status Lost status Source of classification or shelving scheme Damaged status Not for loan Home library Current library Shelving location Date acquired Total Checkouts Full call number Barcode Date last seen Copy number Price effective from Koha item type
    Dewey Decimal Classification     London London RICS Boxes 22/11/2001   RICS 2001/45 30065101 06/08/2019 1 06/08/2019 Archive
    Dewey Decimal Classification     London London RICS Boxes 22/11/2001   RICS 2001/45 30065102 06/08/2019 2 06/08/2019 Reference material
    Dewey Decimal Classification     London London RICS Boxes 22/11/2001   RICS 2001/45 30065103 06/08/2019 3 06/08/2019 Book